Studies in the history of machine tools
Αποθηκεύτηκε σε:
| Κύριος συγγραφέας: | |
|---|---|
| Μορφή: | Βιβλίο |
| Γλώσσα: | Undetermined |
| Έκδοση: |
Cambridge
The M.I.T. Press
1972
|
| Θέματα: | |
| Ετικέτες: |
Προσθήκη ετικέτας
Δεν υπάρχουν, Καταχωρήστε ετικέτα πρώτοι!
|
| Thư viện lưu trữ: | Trung tâm Học liệu Trường Đại học Cần Thơ |
|---|
| LEADER | 00518nam a2200193Ia 4500 | ||
|---|---|---|---|
| 001 | CTU_82347 | ||
| 008 | 210402s9999 xx 000 0 und d | ||
| 082 | |a 621.9 | ||
| 082 | |b W884 | ||
| 100 | |a Woodbury, Robert S. | ||
| 245 | 0 | |a Studies in the history of machine tools | |
| 245 | 0 | |c Robert S. Woodbury | |
| 260 | |a Cambridge | ||
| 260 | |b The M.I.T. Press | ||
| 260 | |c 1972 | ||
| 650 | |a Machine | ||
| 650 | |x Tools,History | ||
| 904 | |i Trọng Hải | ||
| 980 | |a Trung tâm Học liệu Trường Đại học Cần Thơ | ||